| 000 | 02361cam a2200373 i 4500 | ||
|---|---|---|---|
| 999 |
_c40595 _d40595 |
||
| 001 | 21199521 | ||
| 003 | OSt | ||
| 005 | 20230511114558.0 | ||
| 008 | 190329s2020 onc b 001 0 eng | ||
| 010 |
_a 2019014484 _z 2019396387 |
||
| 020 |
_a9781771888080 _q(hardcover) |
||
| 020 |
_z9780429264634 _q(eBook) |
||
| 035 | _a18708851 | ||
| 040 |
_aDLC _beng _erda _cDLC _dDLC |
||
| 042 | _apcc | ||
| 050 | 0 | 0 |
_aHB615 _b.A6823 2020 |
| 082 | 0 | 0 |
_a658.4/21 _223 _bAME |
| 100 | 1 |
_aAmedzro St-Hilaire, Walter, _eauthor. |
|
| 245 | 1 | 0 |
_aEntrepreneurship : _bstrategies & policies / _cWalter Amedzro St-Hilaire, PhD. |
| 246 | 3 | 0 | _aEntrepreneurship strategies & policies |
| 264 | 1 |
_aOakville, ON, Canada ; _aPalm Bay, Florida, USA : _bApple Academic Press, _c[2020] |
|
| 300 |
_axxiii, 290 pages ; _c24 cm |
||
| 336 |
_atext _btxt _2rdacontent |
||
| 337 |
_aunmediated _bn _2rdamedia |
||
| 338 |
_avolume _bnc _2rdacarrier |
||
| 504 | _aIncludes bibliographical references (pages 267-273) and index. | ||
| 505 | 0 | _aHave the entrepreneurship policies adapted to its business context? -- Is the contemporary business pact in an incomplete transition? -- What are the stimulating measures for entrepreneurship? -- Prospects for effective entrepreneurship -- The challenges of the evaluation of the regulation of enterprises -- Salary trajectories that are growing in enterprises -- Role of growth, productivity, and added value -- The challenges of a new managerial model for entrepreneurship -- Is the distribution of added value more and more anti-growth? -- Entrepreneurship governance, less and less respectful of work -- Towards a reallocation of added value to growth and the relaunch of the social contract? -- How to find a new balance between autonomy and security for employees -- Rebalancing the entrepreneurship governance -- Towards parity for the entrepreneurship governance -- How to better integrate the specificity of enterprises into public orders. | |
| 650 | 0 | _aEntrepreneurship. | |
| 776 | 0 | 8 |
_iOnline version: _aAmedzro St-Hilaire, Walter, author. _tEntrepreneurship _dToronto ; New Jersey : Apple Academic Press, 2019 _z9780429264634 _w(DLC) 2019015658 |
| 906 |
_a7 _bcbc _corignew _d1 _eecip _f20 _gy-gencatlg |
||
| 942 |
_2ddc _cBK |
||
| 041 | _aeng | ||